[Event "Bundesliga 9899"]
[Site "Deutschland"]
[Date "1999.03.20"]
[Round "12.2"]
[White "Stohl, Igor"]
[Black "Kindermann, Stefan"]
[Result "1/2-1/2"]
[WhiteElo "2561"]
[BlackElo "2541"]
[PlyCount "69"]
[EventDate "1998.10.17"]
[EventType "team"]
[EventRounds "15"]
[EventCountry "GER"]
[SourceTitle "Bundesliga 9899"]
[Source "DeepChess"]
[SourceDate "2005.01.01"]
[SourceVersion "1"]
[SourceVersionDate "2005.01.01"]
[SourceQuality "1"]
[WhiteTeam "SF Neukoelln 03 e.V."]
[BlackTeam "SAbt SV Werder Bremen"]
[WhiteTeamCountry "GER"]
[BlackTeamCountry "GER"]

1. d4 Nf6 2. c4 g6 3. g3 Bg7 4. Bg2 O-O 5. Nc3 d6 6. Nf3 Nbd7 7. O-O e5 8. e4
a6 9. Qc2 exd4 10. Nxd4 Re8 11. Nde2 Rb8 12. Be3 b5 13. cxb5 axb5 14. Nd4 Ne5
15. f4 Nfg4 16. Bc1 c5 17. Ndxb5 Nc6 18. h3 Ba6 19. a4 Nd4 20. Qd1 Nf6 21. Be3
Bxb5 22. axb5 Nxb5 23. Nxb5 Rxb5 24. e5 dxe5 25. Qxd8 Rxd8 26. fxe5 Nh5 27. Bg5
Rf8 28. Be7 Rfb8 29. Bd6 Nxg3 30. Bxb8 Rxb8 31. Rfe1 Rxb2 32. Ra8+ Bf8 33. Bd5
Ne2+ 34. Kf1 Ng3+ 35. Kg1 1/2-1/2

[Event "Bundesliga 9899"]
[Site "Deutschland"]
[Date "1999.03.20"]
[Round "12.3"]
[White "Knaak, Rainer"]
[Black "Bunzmann, Dimitrij"]
[Result "0-1"]
[WhiteElo "2540"]
[BlackElo "2555"]
[PlyCount "48"]
[EventDate "1998.10.17"]
[EventType "team"]
[EventRounds "15"]
[EventCountry "GER"]
[SourceTitle "Bundesliga 9899"]
[Source "DeepChess"]
[SourceDate "2005.01.01"]
[SourceVersion "1"]
[SourceVersionDate "2005.01.01"]
[SourceQuality "1"]
[WhiteTeam "SAbt SV Werder Bremen"]
[BlackTeam "SF Neukoelln 03 e.V."]
[WhiteTeamCountry "GER"]
[BlackTeamCountry "GER"]

1. d4 e6 2. c4 Bb4+ 3. Nc3 c5 4. e3 Nc6 5. Nge2 d6 6. a3 Ba5 7. d5 Ne5 8. f4
Ng4 9. b4 Bb6 10. Qd3 Ne7 11. h3 Nf6 12. e4 exd5 13. cxd5 cxb4 14. axb4 O-O 15.
g3 Re8 16. Bg2 a6 17. Bb2 Ba7 18. Nd1 Qb6 19. Qd2 Nexd5 20. exd5 Nh5 21. Qc3
Bf5 22. Qf3 Nf6 23. Bxf6 gxf6 24. Qc3 Rac8 0-1

[Event "Bundesliga 9899"]
[Site "Deutschland"]
[Date "1999.03.20"]
[Round "12.4"]
[White "Berndt, Stephan"]
[Black "Babula, Vlastimil"]
[Result "1-0"]
[WhiteElo "2501"]
[BlackElo "2565"]
[PlyCount "71"]
[EventDate "1998.10.17"]
[EventType "team"]
[EventRounds "15"]
[EventCountry "GER"]
[SourceTitle "Bundesliga 9899"]
[Source "DeepChess"]
[SourceDate "2005.01.01"]
[SourceVersion "1"]
[SourceVersionDate "2005.01.01"]
[SourceQuality "1"]
[WhiteTeam "SF Neukoelln 03 e.V."]
[BlackTeam "SAbt SV Werder Bremen"]
[WhiteTeamCountry "GER"]
[BlackTeamCountry "GER"]

1. e4 c5 2. Nf3 Nc6 3. d4 cxd4 4. Nxd4 Nf6 5. Nc3 e5 6. Ndb5 d6 7. Bg5 a6 8.
Na3 b5 9. Nd5 Be7 10. Bxf6 Bxf6 11. c3 Bb7 12. Nc2 Bg5 13. a4 bxa4 14. Rxa4 Nb8
15. Bc4 Nd7 16. b4 Nb6 17. Nxb6 Qxb6 18. Bd5 O-O 19. O-O Bxd5 20. Qxd5 Qb5 21.
Rfa1 Rac8 22. Rxa6 Qe2 23. R6a2 Rxc3 24. Ne3 Qd3 25. Qxd3 Rxd3 26. Nd5 f5 27.
f3 fxe4 28. fxe4 Be3+ 29. Kh1 Bd4 30. Rc1 g5 31. Rac2 g4 32. Ne7+ Kf7 33. Rc7
Kf6 34. Rf1+ Ke6 35. Nf5 Ra8 36. Ng7# 1-0

[Event "Bundesliga 9899"]
[Site "Deutschland"]
[Date "1999.03.20"]
[Round "12.5"]
[White "Meins, Gerlef"]
[Black "Brynell, Stellan"]
[Result "0-1"]
[WhiteElo "2439"]
[BlackElo "2489"]
[PlyCount "124"]
[EventDate "1998.10.17"]
[EventType "team"]
[EventRounds "15"]
[EventCountry "GER"]
[SourceTitle "Bundesliga 9899"]
[Source "DeepChess"]
[SourceDate "2005.01.01"]
[SourceVersion "1"]
[SourceVersionDate "2005.01.01"]
[SourceQuality "1"]
[WhiteTeam "SAbt SV Werder Bremen"]
[BlackTeam "SF Neukoelln 03 e.V."]
[WhiteTeamCountry "GER"]
[BlackTeamCountry "GER"]

1. d4 Nf6 2. c4 e6 3. g3 c5 4. Nf3 cxd4 5. Nxd4 d5 6. Bg2 e5 7. Nf3 d4 8. O-O
Nc6 9. e3 Be7 10. exd4 exd4 11. Nbd2 O-O 12. Nb3 d3 13. Be3 Bf5 14. Nfd4 Nxd4
15. Nxd4 Bg6 16. Qb3 Rb8 17. Nb5 a6 18. Nc3 b6 19. Rad1 h6 20. Rfe1 Bc5 21. Nd5
Nxd5 22. cxd5 Re8 23. Bf1 Bxe3 24. fxe3 Qg5 25. Bxd3 Rxe3 26. Rxe3 Qxe3+ 27.
Kg2 Be4+ 28. Bxe4 Qxe4+ 29. Kg1 Rc8 30. Qd3 Qxd3 31. Rxd3 Kf8 32. Rb3 b5 33. a4
Rc5 34. d6 Rd5 35. axb5 axb5 36. h4 f6 37. Kf2 Ke8 38. Re3+ Re5 39. Rc3 Rd5 40.
Rc7 g5 41. h5 Rxd6 42. b4 Rd4 43. Rh7 Rxb4 44. Rxh6 Kf7 45. Rh7+ Ke6 46. h6 Kf5
47. Rf7 Rb2+ 48. Kg1 Rb1+ 49. Kg2 Rb2+ 50. Kg1 Kg4 51. h7 Kxg3 52. Rxf6 Rg2+
53. Kf1 Rh2 54. Rf7 Rh1+ 55. Ke2 g4 56. Ke3 b4 57. Ke4 Rh5 58. Rg7 b3 59. Rb7
Kh2 60. Kf4 g3 61. Kg4 Rh3 62. Rxb3 Rxh7 0-1

[Event "Bundesliga 9899"]
[Site "Deutschland"]
[Date "1999.03.20"]
[Round "12.7"]
[White "Kachiani Gersinska, Ketino"]
[Black "Schoene, Ralf"]
[Result "1/2-1/2"]
[WhiteElo "2439"]
[BlackElo "2425"]
[PlyCount "166"]
[EventDate "1998.10.17"]
[EventType "team"]
[EventRounds "15"]
[EventCountry "GER"]
[SourceTitle "Bundesliga 9899"]
[Source "DeepChess"]
[SourceDate "2005.01.01"]
[SourceVersion "1"]
[SourceVersionDate "2005.01.01"]
[SourceQuality "1"]
[WhiteTeam "SAbt SV Werder Bremen"]
[BlackTeam "SF Neukoelln 03 e.V."]
[WhiteTeamCountry "GER"]
[BlackTeamCountry "GER"]

1. d4 Nf6 2. c4 c5 3. d5 e5 4. Nc3 d6 5. e4 Be7 6. Bd3 O-O 7. h3 Ne8 8. Nf3 Nd7
9. g4 a6 10. a4 Nc7 11. Bd2 Re8 12. a5 Rb8 13. Na4 Na8 14. b4 b5 15. axb6 Naxb6
16. Nxb6 Qxb6 17. b5 axb5 18. cxb5 Qb7 19. Ba5 Bd8 20. Nd2 Bxa5 21. Rxa5 Nb6
22. Nc4 Nxc4 23. Bxc4 Bd7 24. O-O Ra8 25. Ra6 Bxb5 26. Rxa8 Rxa8 27. Qb3 Ba6
28. Qxb7 Bxb7 29. Rb1 Bc8 30. Rb6 Kf8 31. Rxd6 Ra4 32. Bb5 Rb4 33. Rd8+ Ke7 34.
Rxc8 Rxb5 35. Rc7+ Kf6 36. h4 h6 37. Rc6+ Ke7 38. Rc7+ Kf6 39. Kg2 Ra5 40. Rc6+
Ke7 41. Rc7+ Kf6 42. g5+ hxg5 43. hxg5+ Kg6 44. d6 Ra8 45. Rxc5 Rd8 46. Rxe5
Rxd6 47. Re7 f6 48. gxf6 gxf6 49. Kg3 Rd3+ 50. Kg4 Rd1 51. Ra7 Rd4 52. Kf4 Rc4
53. Re7 Ra4 54. f3 Rb4 55. Kg3 Rb3 56. Ra7 Rc3 57. Kf4 Rc4 58. Ra6 Rb4 59. Rd6
Ra4 60. Ke3 Ra3+ 61. Rd3 Ra1 62. f4 Re1+ 63. Kf3 Ra1 64. Rd6 Rf1+ 65. Ke3 Re1+
66. Kd4 Kf7 67. Kd5 Rd1+ 68. Kc6 Re1 69. Rd7+ Ke8 70. Rd4 Ke7 71. f5 Rc1+ 72.
Kd5 Ra1 73. Rb4 Rd1+ 74. Kc5 Re1 75. Kd4 Rd1+ 76. Ke3 Rd7 77. Kf4 Kf7 78. Kg4
Re7 79. Kh5 Kg7 80. Ra4 Rb7 81. Ra1 Re7 82. Rg1+ Kf7 83. Re1 Ra7 1/2-1/2

[Event "Bundesliga 9899"]
[Site "Deutschland"]
[Date "1999.03.20"]
[Round "12.8"]
[White "Rudolf, Henrik"]
[Black "Forchert, Martin"]
[Result "1/2-1/2"]
[WhiteElo "2338"]
[BlackElo "2317"]
[PlyCount "132"]
[EventDate "1998.10.17"]
[EventType "team"]
[EventRounds "15"]
[EventCountry "GER"]
[SourceTitle "Bundesliga 9899"]
[Source "DeepChess"]
[SourceDate "2005.01.01"]
[SourceVersion "1"]
[SourceVersionDate "2005.01.01"]
[SourceQuality "1"]
[WhiteTeam "SF Neukoelln 03 e.V."]
[BlackTeam "SAbt SV Werder Bremen"]
[WhiteTeamCountry "GER"]
[BlackTeamCountry "GER"]

1. e4 Nf6 2. e5 Nd5 3. d4 d6 4. c4 Nb6 5. exd6 exd6 6. Nc3 Be7 7. Nf3 O-O 8.
Be2 Nc6 9. O-O Bg4 10. b3 Bf6 11. Be3 d5 12. c5 Nc8 13. h3 Be6 14. Qd2 N8e7 15.
Bg5 Nf5 16. Bxf6 Qxf6 17. Rad1 a6 18. Rfe1 Nh4 19. Nxh4 Qxh4 20. Bf3 Rad8 21.
Ne2 Rfe8 22. Qf4 Qxf4 23. Nxf4 Kf8 24. h4 Rd7 25. Rd2 Nd8 26. Rde2 c6 27. Bg4
Rde7 28. Bxe6 Nxe6 29. Nxe6+ Rxe6 30. Rxe6 fxe6 31. Re3 Kf7 32. Kf1 b6 33. cxb6
Rb8 34. Rc3 Rxb6 35. Ke2 Ke7 36. Rg3 Kf6 37. Rf3+ Ke7 38. Rg3 Kf6 39. Rf3+ Ke7
40. Rc3 Kd6 41. f4 a5 42. a3 g6 43. Kd2 Rb7 44. Kc2 Rf7 45. g3 h6 46. Rc5 g5
47. hxg5 hxg5 48. Rxa5 gxf4 49. gxf4 Rxf4 50. Kc3 Rf3+ 51. Kc2 e5 52. dxe5+
Kxe5 53. b4 Ke4 54. Rc5 Rf2+ 55. Kb3 Rf6 56. Rc1 d4 57. Kc4 Rf3 58. a4 Ra3 59.
Re1+ Re3 60. Rc1 Re2 61. a5 d3 62. Kc3 Ke3 63. Rh1 Rc2+ 64. Kb3 c5 65. Rh3+ Kd4
66. Rh4+ Ke3 1/2-1/2

[Event "Bundesliga 9899"]
[Site "Deutschland"]
[Date "1999.03.20"]
[Round "12.2"]
[White "Jussupow, Artur"]
[Black "Ribli, Zoltan"]
[Result "1/2-1/2"]
[WhiteElo "2641"]
[BlackElo "2582"]
[PlyCount "71"]
[EventDate "1998.10.17"]
[EventType "team"]
[EventRounds "15"]
[EventCountry "GER"]
[SourceTitle "Bundesliga 9899"]
[Source "DeepChess"]
[SourceDate "2005.01.01"]
[SourceVersion "1"]
[SourceVersionDate "2005.01.01"]
[SourceQuality "1"]
[WhiteTeam "SG 1868 Aljech. Solingen"]
[BlackTeam "SK Passau 1869"]
[WhiteTeamCountry "GER"]
[BlackTeamCountry "GER"]

1. d4 d5 2. c4 c6 3. Nc3 Nf6 4. e3 e6 5. b3 Nbd7 6. Bb2 Bd6 7. Nf3 O-O 8. Bd3
e5 9. cxd5 cxd5 10. dxe5 Nxe5 11. Be2 Be6 12. O-O a6 13. Rc1 Qe7 14. Qd4 Nc6
15. Qh4 Rac8 16. Bd3 h6 17. Ne2 Ne4 18. Qxe7 Bxe7 19. Ned4 Nxd4 20. Nxd4 Rxc1
21. Rxc1 Rc8 22. f3 Rxc1+ 23. Bxc1 Nc5 24. Bc2 Bd7 25. Kf2 Ne6 26. Nf5 Bf8 27.
g4 g6 28. Ng3 Bc5 29. Ke2 Bc6 30. Bd3 Bd6 31. Bb2 Kf8 32. Kf2 Nc5 33. Be2 Ne6
34. Bd3 Nc5 35. Bf1 Ne6 36. Bd3 1/2-1/2

[Event "Bundesliga 9899"]
[Site "Deutschland"]
[Date "1999.03.20"]
[Round "12.3"]
[White "Schmidt, Peter"]
[Black "Sadler, Matthew"]
[Result "0-1"]
[WhiteElo "2412"]
[BlackElo "2668"]
[PlyCount "58"]
[EventDate "1998.10.17"]
[EventType "team"]
[EventRounds "15"]
[EventCountry "GER"]
[SourceTitle "Bundesliga 9899"]
[Source "DeepChess"]
[SourceDate "2005.01.01"]
[SourceVersion "1"]
[SourceVersionDate "2005.01.01"]
[SourceQuality "1"]
[WhiteTeam "SK Passau 1869"]
[BlackTeam "SG 1868 Aljech. Solingen"]
[WhiteTeamCountry "GER"]
[BlackTeamCountry "GER"]

1. d4 d5 2. Nf3 Nf6 3. c4 dxc4 4. e3 e6 5. Bxc4 c5 6. O-O Nc6 7. Nc3 a6 8. a4
Be7 9. Qe2 Qc7 10. Rd1 O-O 11. d5 exd5 12. Nxd5 Nxd5 13. Bxd5 Nb4 14. Bc4 Bf6
15. e4 Bg4 16. h3 Bh5 17. g4 Bg6 18. g5 Be5 19. Nh4 Rae8 20. Nxg6 hxg6 21. Qg4
Bd4 22. Bf1 Re6 23. Bg2 f5 24. exf5 Rxf5 25. Be3 Bxe3 26. fxe3 Qe7 27. h4 Nc2
28. Qc4 Nxe3 29. Rd8+ Kf7 0-1

[Event "Bundesliga 9899"]
[Site "Deutschland"]
[Date "1999.03.20"]
[Round "12.4"]
[White "Huebner, Robert"]
[Black "Wells, Peter K"]
[Result "1/2-1/2"]
[WhiteElo "2585"]
[BlackElo "2492"]
[PlyCount "92"]
[EventDate "1998.10.17"]
[EventType "team"]
[EventRounds "15"]
[EventCountry "GER"]
[SourceTitle "Bundesliga 9899"]
[Source "DeepChess"]
[SourceDate "2005.01.01"]
[SourceVersion "1"]
[SourceVersionDate "2005.01.01"]
[SourceQuality "1"]
[WhiteTeam "SG 1868 Aljech. Solingen"]
[BlackTeam "SK Passau 1869"]
[WhiteTeamCountry "GER"]
[BlackTeamCountry "GER"]

1. e4 e5 2. Nf3 Nc6 3. Bc4 Nf6 4. d3 Be7 5. Bb3 O-O 6. Nbd2 d6 7. c3 Nd7 8. Bc2
Nb6 9. d4 exd4 10. Nxd4 Nxd4 11. cxd4 Bf6 12. Nf3 Bg4 13. Qd3 Re8 14. Be3 Bh5
15. Nd2 c5 16. O-O Rc8 17. Rac1 Bg6 18. dxc5 dxc5 19. Qb5 Bd4 20. Bxd4 Qxd4 21.
Rfd1 Bh5 22. Nf3 Qf6 23. e5 Qf4 24. Qd3 g6 25. Qe4 Qxe4 26. Bxe4 Rc7 27. b4 c4
28. Re1 Bxf3 29. Bxf3 Nd7 30. Bd5 Rxe5 31. Rxe5 Nxe5 32. f4 Nd3 33. Rxc4 Rxc4
34. Bxc4 Nxb4 35. Kf2 Kf8 36. Ke3 Ke7 37. g4 h6 38. h4 Nc6 39. Ke4 Nd8 40. g5
hxg5 41. hxg5 Ne6 42. Ke5 Nc7 43. a4 b6 44. f5 gxf5 45. Kxf5 Ne8 46. Ke5 Nc7
1/2-1/2

[Event "Bundesliga 9899"]
[Site "Deutschland"]
[Date "1999.03.20"]
[Round "12.6"]
[White "Gabriel, Christian"]
[Black "Pichler, Juergen"]
[Result "1-0"]
[WhiteElo "2581"]
[BlackElo "2395"]
[PlyCount "87"]
[EventDate "1998.10.17"]
[EventType "team"]
[EventRounds "15"]
[EventCountry "GER"]
[SourceTitle "Bundesliga 9899"]
[Source "DeepChess"]
[SourceDate "2005.01.01"]
[SourceVersion "1"]
[SourceVersionDate "2005.01.01"]
[SourceQuality "1"]
[WhiteTeam "SG 1868 Aljech. Solingen"]
[BlackTeam "SK Passau 1869"]
[WhiteTeamCountry "GER"]
[BlackTeamCountry "GER"]

1. d4 d5 2. c4 c6 3. Nf3 Nf6 4. Nc3 dxc4 5. a4 Bf5 6. e3 e6 7. Bxc4 Bb4 8. O-O
Nbd7 9. Nh4 Bg6 10. Qb3 Qb6 11. f4 O-O 12. f5 exf5 13. Nxf5 Rfe8 14. Nh4 Bxc3
15. bxc3 Qxb3 16. Bxb3 Nd5 17. Nxg6 hxg6 18. Rf3 Rad8 19. Bd2 N7f6 20. c4 Nc7
21. Raf1 Rd7 22. Bc1 Ne6 23. h4 c5 24. d5 Nd8 25. a5 Rd6 26. Ba4 Re7 27. Bd2
Ng4 28. Bc2 Ne5 29. Rf4 f6 30. g4 Ndf7 31. g5 f5 32. Bc1 Rd8 33. h5 Nxg5 34.
Kh1 Ngf7 35. hxg6 Nxg6 36. Rxf5 Nd6 37. Rh5 Ne4 38. Rg1 Nf8 39. Bb2 Nd6 40. Bd3
Rdd7 41. Rg3 b5 42. Rgh3 Ne4 43. Rh8+ Kf7 44. Bxe4 1-0

[Event "Bundesliga 9899"]
[Site "Deutschland"]
[Date "1999.03.20"]
[Round "12.7"]
[White "Klebel, Martin"]
[Black "Kasimdzhanov, Rustam"]
[Result "0-1"]
[WhiteElo "2405"]
[BlackElo "2595"]
[PlyCount "54"]
[EventDate "1998.10.17"]
[EventType "team"]
[EventRounds "15"]
[EventCountry "GER"]
[SourceTitle "Bundesliga 9899"]
[Source "DeepChess"]
[SourceDate "2005.01.01"]
[SourceVersion "1"]
[SourceVersionDate "2005.01.01"]
[SourceQuality "1"]
[WhiteTeam "SK Passau 1869"]
[BlackTeam "SG 1868 Aljech. Solingen"]
[WhiteTeamCountry "GER"]
[BlackTeamCountry "GER"]

1. d4 Nf6 2. Nf3 e6 3. c4 d5 4. Nc3 Nbd7 5. Bf4 dxc4 6. e3 Bb4 7. Bxc4 Nd5 8.
Bxd5 Bxc3+ 9. bxc3 exd5 10. O-O Nb6 11. Nd2 O-O 12. e4 dxe4 13. Nxe4 Be6 14.
Nc5 Bc4 15. Re1 Nd5 16. Nxb7 Qc8 17. Na5 Qa6 18. Nxc4 Qxc4 19. Qg4 f5 20. Qg3
Rf7 21. Rac1 Rb8 22. Rc2 Rb6 23. h3 h6 24. Qf3 Kh7 25. Kh2 Rg6 26. Re8 Nxf4 27.
Qxf4 Qc6 0-1

[Event "Bundesliga 9899"]
[Site "Deutschland"]
[Date "1999.03.20"]
[Round "12.8"]
[White "Bischoff, Klaus"]
[Black "Gross, David2"]
[Result "1/2-1/2"]
[WhiteElo "2521"]
[BlackElo "2371"]
[PlyCount "116"]
[EventDate "1998.10.17"]
[EventType "team"]
[EventRounds "15"]
[EventCountry "GER"]
[SourceTitle "Bundesliga 9899"]
[Source "DeepChess"]
[SourceDate "2005.01.01"]
[SourceVersion "1"]
[SourceVersionDate "2005.01.01"]
[SourceQuality "1"]
[WhiteTeam "SG 1868 Aljech. Solingen"]
[BlackTeam "SK Passau 1869"]
[WhiteTeamCountry "GER"]
[BlackTeamCountry "GER"]

1. c4 e5 2. Nc3 Nf6 3. Nf3 Nc6 4. g3 d5 5. cxd5 Nxd5 6. Bg2 Nb6 7. O-O Be7 8.
a3 O-O 9. b4 Be6 10. Rb1 f6 11. d3 a5 12. b5 Nd4 13. Ne1 Qc8 14. e3 Nf5 15. Nf3
Rd8 16. Qc2 a4 17. Nd2 Nd6 18. Rd1 Ra5 19. Bf1 Kh8 20. Qb2 Bd7 21. d4 exd4 22.
exd4 Bf5 23. Ra1 Qe6 24. Nf3 Bg4 25. Re1 Qd7 26. Nd2 Bf8 27. Qa2 Bh3 28. Bxh3
Qxh3 29. Qc2 Qf5 30. Ra2 Qxc2 31. Rxc2 Kg8 32. Nde4 Nxe4 33. Rxe4 Nc4 34. d5
Nxa3 35. Rb2 b6 36. g4 Kf7 37. Bf4 Rd7 38. Kf1 Bc5 39. Rxa4 Rxa4 40. Nxa4 Be7
41. Nc3 Nc4 42. Ra2 Bd6 43. Bxd6 Nxd6 44. Ke2 f5 45. h3 Kf6 46. f4 fxg4 47.
hxg4 g5 48. Kf3 Re7 49. Rh2 gxf4 50. Kxf4 Kg6 51. Rh1 Rf7+ 52. Kg3 Re7 53. Kf4
Rf7+ 54. Kg3 Rf8 55. Re1 Ra8 56. Kh4 Ra3 57. Re6+ Kf7 58. Ne4 Nxe4 1/2-1/2

[Event "Bundesliga 9899"]
[Site "Deutschland"]
[Date "1999.03.20"]
[Round "12.2"]
[White "Krasenkow, Michal"]
[Black "Rausis, Igors"]
[Result "1-0"]
[WhiteElo "2643"]
[BlackElo "2508"]
[PlyCount "68"]
[EventDate "1998.10.17"]
[EventType "team"]
[EventRounds "15"]
[EventCountry "GER"]
[SourceTitle "Bundesliga 9899"]
[Source "DeepChess"]
[SourceDate "2005.01.01"]
[SourceVersion "1"]
[SourceVersionDate "2005.01.01"]
[SourceQuality "1"]
[WhiteTeam "SG Bochum 31"]
[BlackTeam "SK Viernheim"]
[WhiteTeamCountry "GER"]
[BlackTeamCountry "GER"]

1. d4 d5 2. c4 c6 3. Nc3 dxc4 4. e4 b5 5. a4 b4 6. Na2 Nf6 7. e5 Nd5 8. Bxc4
Bf5 9. Bd2 e6 10. Ne2 a5 11. Nac1 Be7 12. Ng3 Bg6 13. Nb3 h5 14. Be2 h4 15. Nh5
Bg5 16. f4 Bxh5 17. Bxh5 Bxf4 18. O-O g5 19. g3 hxg3 20. hxg3 Nd7 21. gxf4 gxf4
22. Qg4 Qe7 23. Kf2 O-O-O 24. Rh1 Nxe5 25. dxe5 Qa7+ 26. Ke1 Rdg8 27. Qe2 Rg3
28. Qc4 Rxh5 29. Rxh5 Rg4 30. Ke2 Rg2+ 31. Kd3 Rxd2+ 32. Kxd2 Qe3+ 33. Kc2 Qf2+
34. Kb1 Qe1+ 1-0

[Event "Bundesliga 9899"]
[Site "Deutschland"]
[Date "1999.03.20"]
[Round "12.3"]
[White "Beikert, Guenther"]
[Black "Keitlinghaus, Ludger"]
[Result "1-0"]
[WhiteElo "2440"]
[BlackElo "2471"]
[PlyCount "109"]
[EventDate "1998.10.17"]
[EventType "team"]
[EventRounds "15"]
[EventCountry "GER"]
[SourceTitle "Bundesliga 9899"]
[Source "DeepChess"]
[SourceDate "2005.01.01"]
[SourceVersion "1"]
[SourceVersionDate "2005.01.01"]
[SourceQuality "1"]
[WhiteTeam "SK Viernheim"]
[BlackTeam "SG Bochum 31"]
[WhiteTeamCountry "GER"]
[BlackTeamCountry "GER"]

1. Nf3 d5 2. b3 Bg4 3. Bb2 Bxf3 4. exf3 e6 5. g3 Ne7 6. Bd3 Nd7 7. O-O h5 8.
Re1 h4 9. f4 hxg3 10. hxg3 Nc5 11. Be2 Qd7 12. d3 O-O-O 13. Nd2 Nf5 14. Bg4 Be7
15. Kg2 Rh7 16. Nf3 Rdh8 17. Qe2 Nh6 18. Bh3 Bf6 19. Be5 Bxe5 20. Qxe5 Nf5 21.
Rh1 Nd6 22. b4 Na6 23. a3 Nb8 24. Ng5 Nc6 25. Qb2 Rh5 26. Qxg7 Nd8 27. Bg4 Rxh1
28. Rxh1 Rxh1 29. Kxh1 Qa4 30. Qb2 f5 31. Bh5 d4 32. Qxd4 Qxc2 33. Kg2 Qa4 34.
Qh8 Qc6+ 35. Bf3 Qd7 36. Bd1 Qc6+ 37. Kh2 Qd5 38. Qb2 Qxd3 39. Bb3 Nc4 40. Qa2
b5 41. a4 Kb8 42. axb5 Nd2 43. Bxe6 Qe2 44. Bd5 Qxf2+ 45. Kh3 Qf1+ 46. Bg2 Qe2
47. Nf3 Nxf3 48. Qd5 Ng5+ 49. Kh2 Qh5+ 50. Kg1 Kc8 51. Qxf5+ Nde6 52. fxg5 Qd1+
53. Kh2 Qh5+ 54. Qh3 Qf7 55. Qxe6+ 1-0

[Event "Bundesliga 9899"]
[Site "Deutschland"]
[Date "1999.03.20"]
[Round "12.4"]
[White "Schmittdiel, Eckhard"]
[Black "Kraai, Jesse"]
[Result "1/2-1/2"]
[WhiteElo "2483"]
[BlackElo "2386"]
[PlyCount "39"]
[EventDate "1998.10.17"]
[EventType "team"]
[EventRounds "15"]
[EventCountry "GER"]
[SourceTitle "Bundesliga 9899"]
[Source "DeepChess"]
[SourceDate "2005.01.01"]
[SourceVersion "1"]
[SourceVersionDate "2005.01.01"]
[SourceQuality "1"]
[WhiteTeam "SG Bochum 31"]
[BlackTeam "SK Viernheim"]
[WhiteTeamCountry "GER"]
[BlackTeamCountry "GER"]

1. e4 e6 2. d4 d5 3. Nc3 Nf6 4. Bg5 dxe4 5. Nxe4 Nbd7 6. Nf3 Be7 7. Ned2 O-O 8.
Bd3 h6 9. Bh4 c5 10. O-O cxd4 11. Nxd4 Nc5 12. N2f3 Qb6 13. Nb3 Nxd3 14. Qxd3
Rd8 15. Qe2 a5 16. c4 a4 17. Nc1 Qc5 18. Ne5 Qd4 19. Nf3 Qc5 20. Ne5 1/2-1/2

[Event "Bundesliga 9899"]
[Site "Deutschland"]
[Date "1999.03.20"]
[Round "12.5"]
[White "Schulze, Ulrich"]
[Black "Bosch, Jeroen"]
[Result "1/2-1/2"]
[WhiteElo "2360"]
[BlackElo "2470"]
[PlyCount "108"]
[EventDate "1998.10.17"]
[EventType "team"]
[EventRounds "15"]
[EventCountry "GER"]
[SourceTitle "Bundesliga 9899"]
[Source "DeepChess"]
[SourceDate "2005.01.01"]
[SourceVersion "1"]
[SourceVersionDate "2005.01.01"]
[SourceQuality "1"]
[WhiteTeam "SK Viernheim"]
[BlackTeam "SG Bochum 31"]
[WhiteTeamCountry "GER"]
[BlackTeamCountry "GER"]

1. Nf3 f5 2. g3 Nf6 3. Bg2 g6 4. O-O Bg7 5. d4 O-O 6. c4 d6 7. Nc3 c6 8. b3 Na6
9. Bb2 Nc7 10. Qd3 Rb8 11. e4 fxe4 12. Nxe4 Bf5 13. Nxf6+ Bxf6 14. Qe2 Qd7 15.
Rfe1 Bg4 16. Rad1 b5 17. Rd3 bxc4 18. bxc4 c5 19. Ba1 Ne6 20. dxc5 Nxc5 21. Re3
Bxa1 22. Rxa1 Qf5 23. Rd1 Qf6 24. h3 Rb2 25. Rd2 Rxd2 26. Qxd2 Be6 27. Nd4 Bxc4
28. Nc6 e5 29. Nxa7 Qe6 30. Nb5 e4 31. Nxd6 Bd3 32. Nxe4 Bxe4 33. Bxe4 Nxe4 34.
Qe1 Re8 35. f3 Qxa2 36. Rxe4 Rb8 37. Re8+ Rxe8 38. Qxe8+ Kg7 39. Qe7+ Kg8 40.
Qe8+ Kg7 41. Qe5+ Kg8 42. h4 h5 43. Qe4 Kg7 44. Qd4+ Kg8 45. Qf2 Qd5 46. Kg2
Kg7 47. Qe3 Qa2+ 48. Kh3 Qb1 49. g4 hxg4+ 50. fxg4 Qf1+ 51. Kg3 Qb1 52. Qe5+
Kf7 53. Qd5+ Kg7 54. Qd4+ Kh7 1/2-1/2

[Event "Bundesliga 9899"]
[Site "Deutschland"]
[Date "1999.03.20"]
[Round "12.6"]
[White "De Gleria, Francesco"]
[Black "Schwalfenberg, Joerg"]
[Result "1-0"]
[WhiteElo "2433"]
[BlackElo "2360"]
[PlyCount "109"]
[EventDate "1998.10.17"]
[EventType "team"]
[EventRounds "15"]
[EventCountry "GER"]
[SourceTitle "Bundesliga 9899"]
[Source "DeepChess"]
[SourceDate "2005.01.01"]
[SourceVersion "1"]
[SourceVersionDate "2005.01.01"]
[SourceQuality "1"]
[WhiteTeam "SG Bochum 31"]
[BlackTeam "SK Viernheim"]
[WhiteTeamCountry "GER"]
[BlackTeamCountry "GER"]

1. e4 c6 2. d4 d5 3. Nd2 dxe4 4. Nxe4 Nf6 5. Nxf6+ gxf6 6. c3 Bf5 7. Nf3 e6 8.
g3 Bg7 9. Bg2 O-O 10. Nh4 Bg6 11. O-O Nd7 12. a4 a5 13. Be3 Nb6 14. Nxg6 hxg6
15. Qb3 Qc7 16. c4 Nd7 17. d5 e5 18. d6 Qc8 19. c5 f5 20. Rfe1 Re8 21. Rad1 Nf8
22. Bd2 Qd7 23. Bc3 Ne6 24. Qc4 e4 25. Bxg7 Kxg7 26. f3 exf3 27. Bxf3 Kg8 28.
Bg2 Nf8 29. Qc3 Ne6 30. Re5 Nf8 31. Rde1 Rxe5 32. Qxe5 Ne6 33. Qc3 Qd8 34. Kh1
Rc8 35. Bf1 b6 36. Bc4 Nxc5 37. Bxf7+ Kxf7 38. Re7+ Qxe7 39. dxe7 Re8 40. b4
axb4 41. Qxb4 Nd7 42. Qc4+ Kxe7 43. Qxc6 Rg8 44. h4 Rg7 45. Kg2 Rg8 46. Kf2 g5
47. h5 Rf8 48. Qg6 Nf6 49. Qxg5 Ra8 50. Qg7+ Ke6 51. Qb7 Ne4+ 52. Ke3 Ra5 53.
Qxb6+ Nd6 54. h6 f4+ 55. gxf4 1-0

[Event "Bundesliga 9899"]
[Site "Deutschland"]
[Date "1999.03.20"]
[Round "12.7"]
[White "Grund, Holger"]
[Black "Backwinkel, Paul"]
[Result "1-0"]
[WhiteElo "2390"]
[BlackElo "2390"]
[PlyCount "47"]
[EventDate "1998.10.17"]
[EventType "team"]
[EventRounds "15"]
[EventCountry "GER"]
[SourceTitle "Bundesliga 9899"]
[Source "DeepChess"]
[SourceDate "2005.01.01"]
[SourceVersion "1"]
[SourceVersionDate "2005.01.01"]
[SourceQuality "1"]
[WhiteTeam "SK Viernheim"]
[BlackTeam "SG Bochum 31"]
[WhiteTeamCountry "GER"]
[BlackTeamCountry "GER"]

1. e4 e6 2. d4 d5 3. Nc3 Nf6 4. Bg5 dxe4 5. Nxe4 Be7 6. Bxf6 gxf6 7. Bc4 c6 8.
Nf3 Nd7 9. Qe2 Nb6 10. Bb3 Rg8 11. O-O-O Nd5 12. c4 Nf4 13. Qd2 Ng6 14. Rhe1
Bd7 15. d5 cxd5 16. cxd5 e5 17. d6 Bf8 18. Kb1 Bg7 19. Qd5 Rf8 20. Qxb7 Qb8 21.
Qd5 Nf4 22. Qd2 Be6 23. Ba4+ Bd7 24. Nxf6+ 1-0